| 000 | 00525nam a22002177a 4500 | ||
|---|---|---|---|
| 999 |
_c4288 _d4288 |
||
| 001 | 4288 | ||
| 003 | BD-JhCC | ||
| 005 | 20171125200731.0 | ||
| 008 | 171125s1952 ii |||| |||| 000 0 eng d | ||
| 035 | _a(BD-JhCC)4288 | ||
| 040 |
_aBD-JhCC _dBD-JhCC |
||
| 041 | _aeng | ||
| 082 |
_a822.33 _bWIL 1952 |
||
| 100 | _aWilder, Oscar | ||
| 245 |
_aComplete Playes / _cOscar Wilder |
||
| 260 |
_aNew Delhi : _bRupa & Co. , _c1952. |
||
| 300 |
_a448 p. : _c18 cm . |
||
| 650 | _aEnglish Drama | ||
| 942 |
_2ddc _cBK |
||